| 000 | 00438nam a22001457a 4500 | ||
|---|---|---|---|
| 082 | _aP-588 | ||
| 100 |
_aZeeshan Mehmood, _947693 |
||
| 245 |
_aComparison of actual truck traffic with different live load models used for design of bridges in pakistan _cZeeshan Mehmood, Asif Jalal |
||
| 260 |
_aMCE _c2014 |
||
| 300 | _a109 p. | ||
| 526 |
_a0 _b0 _c0 _dP_588 |
||
| 650 | _aProject | ||
| 700 |
_aDr Shahid Iqbal _916468 |
||
| 942 |
_2ddc _cBK |
||
| 999 |
_c550857 _d550857 |
||